El Perú en los albores del siglo XXI-4: (Registro nro. 11555)
[ vista simple ]
| 000 -Cabecera | |
|---|---|
| Campo de control interno | 00564nam a2200181Ia 4500 |
| 005 - Fecha y hora del registro | |
| control field | 20260306162836.0 |
| 008 - Elementos de Longitud Fija | |
| fixed length control field | 260306t2000||||xx |||||||||||||| ||spa|| |
| 041 ## - Idioma | |
| Codigo Idioma | ESP |
| 082 ## - DEWEY y NOTACIÓN INTERNA | |
| Dewey | 985.08 |
| Notación Interna | P43-4 |
| 100 ## - AUTOR | |
| Autor denominación | Tudela, Francisco |
| Término de relación | autor |
| 245 #0 - TÍTULO DE MATERIAL BIBLIOGRÁFICO | |
| Título | El Perú en los albores del siglo XXI-4: |
| Título paralelo | ciclo de conferencias 1999-2000. Tudela/ Matos/ Lumbreras/ Mujica/ Guadalupe/ Yáñez/ Santa Cruz/ Salvador/ Zavaleta/Elmore |
| 260 ## - CIUDAD, EDITORIAL, AÑO | |
| Año | 2000 |
| 300 ## - DESCRIPCIÓN | |
| N° Páginas | 315 páginas : |
| Dimensiones | 20 cm. |
| 650 ## - TEMAS | |
| Temas | Generalidades |
| 654 ## - PROGRAMAS | |
| Programa | Dpto. de Humanidades |
| 942 ## - ELEMENTOS DE KOHA | |
| Tipo de documento | Libro |
| Nombre del creador | Justo Noguera |
| Código de catalogador | Justo Noguera |
| Esquema de clasificación | Dewey Decimal Classification |
| Suppress in OPAC | |
| Codigo completo | Registro | Colección | Copia número | Disponibilidad | Tipo de préstamo | Biblioteca Actual | Procedencia (Biblioteca) | Ubicacón | Fecha Ingreso | Tipo de Adquisición | Date last seen | Total checkouts | Price effective from | Tipo de Item | Estado del Material | Fuente de Clasificación | Damaged status | Withdrawn status |
|---|---|---|---|---|---|---|---|---|---|---|---|---|---|---|---|---|---|---|
| 985.08 P43-4 | 1012696 | Universidad Católica San Pablo | 1 | Disponible | Disponible | Víctor Andrés Belaunde | Víctor Andrés Belaunde | Planta baja abierta | 03/06/2026 | Donación | 06/03/2026 | 06/03/2026 | Libro | Bueno | Dewey Decimal Classification |




